000 01602nac a2200301 a 4500
003 CO-PeBPM
005 20251212113716.0
008 251212s2024 ck a|||| |||| 00| 0 spa d
020 _a9789580716921
040 _aCO-PeBPM
_bspa
_cCO-PeBPM
_erda
041 _aspa
082 0 4 _a(i) Br869.3 F866p
_222
100 1 _aFreitas, Tino
_eautor
245 1 0 _a¿Por qué tienes la boca tan grande
_c/ Tino Freitas; ilustraciones Raquel Matsushita
250 _aEdición especial
260 _aBogotá, Colombia
_b: Susaeta
_c, 2024
300 _a[46] páginas
_bilustraciones a color
_c22 centimetros
490 _aPlan Nacional de Lectura, Escritura y Oralidad / Ministerio de las Culturas, las Artes y los Saberes
500 _aContiene datos biográficos del autor y la ilustradora al final del texto
520 _aÉrase una vez una niña que iba por el bosque camino a la casa de su abuelita. En el bosque había un lobo, que veía todo. ¿Conoces esa historia, no es así? Pero no todo paso como te imaginas... En esta relectura del clásico cuento de Caperucita Roja, son reveladas escenas inéditas del encuentro de la niña con el lobo. ¿Lo dudas? Entonces abre las páginas de este libro, pero con cuidado...
521 _aRecomendado para 7 a 12 años
650 1 4 _aCuentos infantiles brasileños - Siglo XXI
_2LEMB
650 1 4 _aLiteratura infantil brasileña - Siglo XXI
_2LEMB
650 1 4 _aSentidos en la literatura
_2LEMB
700 1 _aMatsushita, Raquel
_eilustradora
942 _2ddc
_cLITA
_n0
999 _c107027
_d107027